000 00649cam a22002411 4500
001 sa 67002551
003 DLC
005 20260227112331.0
008 870901s1964 ii 000 0 eng
010 _asa 67002551
025 _aPL480:I-E-6747
035 _a(OCoLC)16626687
040 _aDLC
_cWaU
_dWaU
_dDLC
042 _apremarc
050 0 0 _aLB3223
_b.I4
110 1 _aIndia.
_bUniversity Grants Commission.
245 1 0 _aDevelopment programmes sponsored by the U.G.C.
260 _aNew Delhi
_c[1964]
300 _a31 p.
_c24 cm.
500 _aCover title.
650 0 _aCollege buildings
_zIndia.
650 0 _aCampus planning
_zIndia.
999 _c73295
_d73295